Obálka Náhled e-knihy:
PDF Epub
Pro půjčování e-knih musíte být přihlášeni.
Jak si půjčit online?

Centrální impérium. Kniha druhá, Císař v exilu /

Military sci-fi román českého autora o dalších osudech Centrálního impéria a především jeho nového císaře.

Uloženo v:
Série:Centrální impérium, část 2
Hlavní autor: Kotouč, Jan, 1987- (Autor)
Médium: E-kniha
Jazyk:Czech
Vydáno: Praha : Brokilon, 2024
Vydání:Vydání druhé, v nakladatelství Brokilon první
Témata:
Příbuzné jednotky:Z cyklu:: Centrální impérium
Tagy:
Žádné tagy
LEADER 02493nam a2200409 i 4500
001 312465
003 CZ PrSKC
005 20260601215723.0
007 ta
008 240813s2024 xr g 000 f cze
015 |a cnb003626659 
020 |a 9788074565854  |q (brožováno) :  |c Kč 428,00 
035 |a (OCoLC)1455302676 
040 |a ABG001  |b cze  |e rda 
072 7 |a 821.162.3-3  |x Česká próza  |2 Konspekt 
080 |a 821.162.3-31  |2 MRF 
080 |a (0:82-311.9)  |2 MRF 
100 1 |a Kotouč, Jan,  |d 1987-  |7 xx0100291  |4 aut 
245 1 0 |a Centrální impérium.  |n Kniha druhá,  |p Císař v exilu /  |c Jan Kotouč 
246 3 0 |a Císař v exilu 
250 |a Vydání druhé, v nakladatelství Brokilon první 
264 1 |a Praha :  |b Brokilon,  |c 2024 
300 |a 386 stran ;  |c 21 cm 
336 |a text  |b txt  |2 rdacontent 
337 |a bez média  |b n  |2 rdamedia 
338 |a svazek  |b nc  |2 rdacarrier 
520 2 |a Military sci-fi román českého autora o dalších osudech Centrálního impéria a především jeho nového císaře.  |b Císař musí zemřít. Daniel Hankerson nikdy netoužil stát se císařem. Byl spokojený jako zpravodajec, analytik a hráč pokeru. Jenže osud se nikdy neptá. Nyní, po největší prohrané bitvě v dějinách Centrálního impéria, zůstává Daniel odříznutý na palubě komunikační lodi Hermes. Celé měsíce mohl pouze promlouvat k Impériu a poslouchat zprávy o ztrátách. Jejich příští zastávkou je sektor Barrondo, v němž však mohou najít zrovna tak spojence, jako nepřítele. Nový protektorát je nepřestává pronásledovat a má vlastní plány pro ovládnutí Impéria. Podmínka pro splnění jejich cíle je jasná: Daniel Hankerson musí zemřít. Nakladatelská anotace. 
655 7 |a české romány  |7 fd133974  |2 czenas 
655 7 |a vědecko-fantastické romány  |7 fd133847  |2 czenas 
655 9 |a Czech fiction  |2 eczenas 
655 9 |a science fiction novels  |2 eczenas 
787 0 8 |i Z cyklu:  |t Centrální impérium  |g 2 
900 |a ABA001  |b 20 
044 |a xr 
910 |a RBIT002 
998 |d 408305  |a https://core.palmknihy.cz/api/books/408305/cover?shd2ky  |b https://core.palmknihy.cz/api/books/408305/cover/400?shd2ky  |c https://core.palmknihy.cz/api/books/408305/cover/50?shd2ky  |e   |g 386  |i 9788074565854  |j https://core.palmknihy.cz/api/books/408305/preview.epub  |k https://core.palmknihy.cz/api/books/408305/preview.pdf  |l   |q 49  |r 1  |s https://www.palmknihy.cz/kniha/408305  |t ebook  |y 2024  |z 0  |v Centrální impérium  |w 2 
999 |d 312463